=LDR 00000nam 2200000 4500 =001 INLIS000000000049011 =005 20170214121537.0 =006 =007 =008 =020 ##$$a 978-979-22-8101-9 =035 ##$$0010-011700000000292 =040 ##$$a NBPDMAT =082 ##$$a 297.1 =090 ##$$a 297.1 Abr a =100 ##$$a Abdurrahman Al Mukaffi =245 ##$$a Ayat - ayat makam keramat =250 ##$$a Cet. 2 =260 ##$$a Jakarta : $b Asmaya Presindo, $c 2016 =300 ##$$a xix, 463 hlm. : $b ilus. ; $c 21 cm. =500 ##$$a Bibliografi : hlm.95-100 =650 ##$$a Fikih =990 ##$$a 21601487/BPAP-NTB/2017 =990 ##$$a 21601486/BPAP-NTB/2017 =990 ##$$a 21601486/BPAP-NTB/2017 =990 ##$$a 21601486/BPAP-NTB/2017 =990 ##$$a 21601486/BPAP-NTB/2017